Estudios sobre la ciudad iberoamericana
Guardat en:
| Autor principal: | |
|---|---|
| Format: | Llibre |
| Idioma: | espanyol |
| Publicat: |
Madrid
Consejo Superior de Investigaciones Científicas
1975
|
| Matèries: | |
| Etiquetes: |
Afegir etiqueta
Sense etiquetes, Sigues el primer a etiquetar aquest registre!
|
MARC
| LEADER | 00000nam a2200000 a 4500 | ||
|---|---|---|---|
| 001 | UCR0532 | ||
| 003 | CL-VaPUC | ||
| 008 | 971205e19750000SP |||||||||||||||||spa|d | ||
| 082 | 0 | 4 | |a 980.013 |b SOL |2 21 |
| 100 | 0 | |a Solano, Francisco de |e author |9 396314 | |
| 245 | 1 | 0 | |a Estudios sobre la ciudad iberoamericana |
| 300 | |a 880 p | ||
| 942 | |c BK | ||
| 945 | |d 19971205 00:00:00 |a cmena | ||
| 260 | |a Madrid |b Consejo Superior de Investigaciones Científicas |c 1975 | ||
| 650 | 0 | |a Historia americana |9 353864 | |
| 650 | 0 | |a Epoca colonial |9 352022 | |
| 650 | 0 | |a Administración pública |9 255343 | |
| 650 | 0 | |a Desarrollo económico y social |9 256320 | |
| 650 | 0 | |a Ciudades antiguas |9 322407 | |
| 650 | 0 | |a Comunidades |9 337024 | |
| 650 | 0 | |a Urbanización |9 265706 | |
| 650 | 0 | |a Industrialización |9 263687 | |
| 650 | 0 | |a Aspectos sociales |9 254894 | |
| 583 | |a last modification |c 19971205 00:00:00 |k Rodrigo Vera | ||
| 999 | |c 264034 |d 264032 | ||
| 952 | |0 0 |1 0 |4 0 |6 980_013000000000000_SOL_1975 |7 0 |8 DER_HDC |9 293609 |a BIBDER |b BIBDER |d 2019-11-19 |i 1908464 |o 980.013 SOL 1975 |p 1908464 |r 2019-11-19 |w 2019-11-19 |x Ubicación 4to Piso |y BK |z Estos recursos deben solicitarse con anticipación |k DER | ||
| 952 | |0 0 |1 0 |4 0 |6 980_013000000000000_SOL_1975 |7 0 |8 A |9 293610 |a BIBHIS |b BIBHIS |d 2019-11-19 |i 1257927 |l 2 |o 980.013 SOL 1975 |p 1257927 |r 2025-01-20 |s 2023-06-27 |w 2019-11-19 |y BK |k HIS | ||